Traditional Anniversary Gifts Quiz Stats

 Plays Quiz Updated Jan 31, 2019

Support Sporcle.
Go Orange.
Score 0/22 Timer 10:00
0 Plays Today
Anniversary Number Gift % Correct
FiftiethGold
85.1%
Twenty-FifthSilver
83.8%
FirstPaper
70.7%
FifthWood
52.3%
FourthLinen or Fruit or Flowers
48.5%
FortiethRuby
48.4%
SeventhWool or Copper
43.7%
EighthBronze
41%
TenthTin or Aluminum
39.8%
ThirtiethPearl
36.2%
SecondCotton
35.9%
Anniversary Number Gift % Correct
Forty-FifthSapphire
32.9%
TwelfthSilk
28.6%
TwentiethChina
28.5%
SixthIron
28.1%
EleventhSteel
27.6%
FifteenthCrystal
26.3%
ThirdLeather
22%
ThirteenthLace
18.3%
Thirty-FifthCoral or Jade
16.6%
FourteenthIvory
13.3%
NinthPottery
12.1%

From the Vault

Amazon 100 Books to Read In a Lifetime

by jenneral

On Tuesday, Amazon released a list of 100 Books to Read in a Lifetime. How many have you read?
Remove Ads.
Support Sporcle.
Get the best of Sporcle when you Go Orange. This ad-free experience offers more features, more stats, and more fun while also helping to support Sporcle. Thank you for becoming a member.

Show Comments

Extras

Top Quizzes Today


Score Distribution

Your Account Isn't Verified!

In order to create a playlist on Sporcle, you need to verify the email address you used during registration. Go to your Sporcle Settings to finish the process.

Report this User

Report this user for behavior that violates our Community Guidelines.

Details: